[Event "RUS-ch Men Blitz 2019"]
[Site "Sochi"]
[Date "2019.10.17"]
[Round "5.14"]
[White "Pogromsky, Mikhail"]
[Black "Kokarev, Dmitry"]
[Result "0-1"]
[WhiteElo "2411"]
[BlackElo "2593"]
[Annotator "ChessBase"]
[PlyCount "68"]
[EventDate "2019.10.17"]
[EventType "swiss"]
[EventCountry "RUS"]
[SourceTitle "playchess.com"]
[Source "ChessBase"]
[SourceQuality "1"]
[TimeControl "180+2"]

1. d4 {[%emt 0:00:00]} Nf6 {[%emt 0:00:00]} 2. c4 {[%emt 0:00:00]} g6 {[%emt 0:00:00]} 3. Nc3 {[%emt 0:00:00]} Bg7 {[%emt 0:00:01]} 4. Nf3 {[%emt 0:00:02]} O-O {[%emt 0:00:02]} 5. h3 {[%emt 0:00:00]} d6 {[%emt 0:00:06]} 6. Bg5 {[%emt 0:00:02]} c5 {[%emt 0:00:09]} 7. d5 {[%emt 0:00:01]} e6 {[%emt 0:00:03]} 8. e3 {[%emt 0:00:01]} h6 {[%emt 0:00:06]} 9. Bf4 {[%emt 0:00:06]} e5 {[%emt 0:00:02]} 10. Bh2 {[%emt 0:00:02]} Nh7 {[%emt 0:00:03]} 11. g4 {[%emt 0:00:13]} Na6 {[%emt 0:00:12]} 12. Be2 {[%emt 0:00:12]} Bd7 {[%emt 0:00:01]} 13. Rg1 {[%emt 0:00:06]} Ng5 {[%emt 0:00:18]} 14. Nxg5 {[%emt 0:00:14]} Qxg5 {[%emt 0:00:02]} 15. Bg3 {[%emt 0:00:07]} Qe7 {[%emt 0:00:02]} 16. e4 {[%emt 0:00:16]} Bf6 {[%emt 0:00:03]} 17. Qb3 {[%emt 0:00:08]} b6 {[%emt 0:00:24]} 18. O-O-O {[%emt 0:00:10]} Nc7 {[%emt 0:00:03]} 19. Nb5 {[%emt 0:00:04]} Nxb5 {[%emt 0:00:36]} 20. cxb5 {[%emt 0:00:01]} a6 {[%emt 0:00:01]} 21. a3 {[%emt 0:00:22]} Qe8 {[%emt 0:00:10]} 22. bxa6 {[%emt 0:00:26]} b5 {[%emt 0:00:01]} 23. a4 {[%emt 0:00:20]} bxa4 {[%emt 0:00:10]} 24. Qb6 {[%emt 0:00:05]} Qe7 {[%emt 0:00:07]} 25. Rh1 {[%emt 0:00:31]} Rfb8 {[%emt 0:00:02]} 26. Qa5 {[%emt 0:00:00]} Rb4 {[%emt 0:00:13]} 27. h4 {[%emt 0:00:08]} Rxe4 {[%emt 0:00:11]} 28. Bb5 {[%emt 0:00:06]} Rb4 {[%emt 0:00:20]} 29. Bc6 {[%emt 0:00:05]} Bxc6 {[%emt 0:00:01]} 30. dxc6 {[%emt 0:00:00]} Qe6 {[%emt 0:00:09]} 31. c7 {[%emt 0:00:08]} Qc4+ {[%emt 0:00:07]} 32. Kb1 {[%emt 0:00:02]} e4 {[%emt 0:00:02]} 33. Rd2 {[%emt 0:00:02]} e3 {[%emt 0:00:02]} 34. Rc2 {[%emt 0:00:03]} Qe4 {[%emt 0:00:02]} 0-1

[Event "RUS-ch Men Blitz 2019"]
[Site "Sochi"]
[Date "2019.10.17"]
[Round "5.15"]
[White "Golubov, Saveliy"]
[Black "Faizrakhmanov, Ramil"]
[Result "1/2-1/2"]
[WhiteElo "2469"]
[BlackElo "2434"]
[Annotator "TA"]
[PlyCount "115"]
[EventDate "2019.10.17"]
[EventType "swiss"]
[EventCountry "RUS"]
[SourceTitle "playchess.com"]
[Source "ChessBase"]
[SourceQuality "1"]

{[%evp 15,115,0,0,0,0,0,11,6,16,10,10,8,14,0,0,0,7,0,0,0,139,149,142,147,279,279,313,301,448,137,133,134,125,126,133,127,149,136,166,155,152,155,289,289,293,294,277,269,343,325,450,444,835,589,572,567,679,675,646,659,579,550,525,525,540,538,502,332,552,0,487,476,662,661,1117,1051,1327,1040,812,630,881,846,1117,1083,1102,748,868,718,620,578,1406,1310,1427,1374,1941,1896,2183,1945,29990,29970,29989,29990]} 1. d4 Nf6 2. Nf3 e6 3. Bf4 c5 4. e3 Nc6 5. c3 d5 6. Nbd2 Bd6 7. Bg3 O-O 8. Bd3 b6 9. Qe2 {D02: 1 d4 d5 2 Nf3 sidelines, including 2...Nf6 3 g3 and 2...Nf6 3 Bf4} h6 10. Rd1 Bb7 11. Bh4 $146 {The position is equal.} ({Predecessor:} 11. Bxd6 Qxd6 12. e4 dxe4 13. Nxe4 Nxe4 14. Bxe4 Rad8 15. dxc5 Qxc5 16. O-O Qe7 {½-½ (45) Artemiev,V (2653)-Korobov,A (2692) Doha 2016}) 11... e5 {[#] And now ...e4 would win.} 12. dxc5 bxc5 13. e4 d4 14. Nc4 Bc7 15. O-O Qe7 16. cxd4 cxd4 17. a3 Na5 {[#]} (17... a5 $11) 18. Nfxe5 $1 $16 {[%mdl 512] Hoping for Ng4.} Nxc4 (18... Bxe5 19. Nxa5) 19. Nxc4 g5 (19... Qe6 $16 {was called for.}) 20. Bg3 $18 Bxg3 21. hxg3 ({Not} 21. fxg3 Nxe4 22. Bxe4 Qxe4 $16) 21... Nxe4 (21... Rac8 $142 22. e5 Ne8) 22. Bxe4 $2 (22. f3 $18 {and White stays clearly on top.}) 22... Qxe4 $16 23. Qxe4 Bxe4 24. Rxd4 Bg6 25. b4 Rfc8 26. Rfd1 Kg7 27. f4 Rc7 28. Nd6 Rb8 (28... Rc3 $16 29. f5 Bh7) 29. f5 $18 Bh7 30. g4 Rc3 31. R1d3 Rc1+ 32. Kh2 Ra1 33. Re3 Rb6 (33... Rf8 $142 34. Ne8+ Kh8) 34. b5 Bg8 35. a4 Rb8 36. Re8 Rxe8 37. Nxe8+ {[%mdl 4096] Endgame KRB-KRN} Kf8 38. Nf6 Kg7 39. Ne4 Ra3 40. Nc5 Rc3 41. Na6 Ra3 $2 (41... Bh7 42. Rd7 h5 43. gxh5 Bxf5 44. Rxa7 g4) 42. Nc5 Rc3 $1 43. Nd3 Kf6 44. Rd7 Ra3 45. Nc5 h5 46. gxh5 Bh7 47. Ne4+ Ke5 48. Re7+ Kd4 49. Nd6 Kd5 50. Rxf7 Bg8 51. Rd7 {aiming for b6.} Rxa4 52. Kg3 Ra3+ 53. Kg4 Ra2 54. g3 Ra3 55. h6 Ke5 56. Nf7+ Bxf7 57. Rxf7 Rb3 58. h7 {[%mdl 32768] Accuracy: White = 75%, Black = 25%. . An unexpected result.} 1/2-1/2

[Event "RUS-ch Men Blitz 2019"]
[Site "Sochi"]
[Date "2019.10.17"]
[Round "5.16"]
[White "Khismatullin, Denis"]
[Black "Apryshko, Gleb"]
[Result "1-0"]
[WhiteElo "2611"]
[BlackElo "2382"]
[Annotator "RC"]
[PlyCount "53"]
[EventDate "2019.10.17"]
[EventType "swiss"]
[EventCountry "RUS"]
[SourceTitle "playchess.com"]
[Source "ChessBase"]
[SourceQuality "1"]
[TimeControl "180+2"]

1. b3 {[%emt 0:00:00]} d6 {[%emt 0:00:00]} 2. Bb2 {[%emt 0:00:00]} Nd7 {[%emt 0:00:00]} 3. d4 {[%emt 0:00:01]} Ngf6 {[%emt 0:00:00]} 4. Nc3 {[%emt 0:00:02]} g6 {[%emt 0:00:02]} 5. e3 {[%emt 0:00:01]} Bg7 {[%emt 0:00:01]} 6. g4 {[%emt 0:00:02]} e5 {[%emt 0:00:06]} 7. dxe5 {[%emt 0:00:03]} Nxe5 {[%emt 0:00:03]} 8. h3 {[%emt 0:00:02]} Bd7 {[%emt 0:00:36]} 9. Bg2 Bc6 10. Bxc6+ {[%emt 0:00:03]} Nxc6 {[%emt 0:00:05]} 11. Nge2 {[%emt 0:00:05]} h5 {[%emt 0:00:13]} 12. g5 {[%emt 0:00:33]} Ne4 {[%emt 0:00:00]} 13. h4 {[%emt 0:00:01]} Ne5 {[%emt 0:00:01]} 14. Qd5 {[%emt 0:00:20]} Nxc3 {[%emt 0:00:32]} 15. Bxc3 {[%emt 0:00:22]} c6 {[%emt 0:00:00]} 16. Qg2 {[%emt 0:00:02]} O-O {[%emt 0:00:03]} 17. O-O-O {[%emt 0:00:02]} Qe7 {[%emt 0:00:03]} 18. e4 {[%emt 0:00:17]} Rfe8 {[%emt 0:00:24]} 19. Rhe1 {[%emt 0:00:07]} Rad8 {[%emt 0:00:07]} 20. Qg3 {[%emt 0:00:24]} Qf8 {[%emt 0:00:26]} 21. f3 {[%emt 0:00:19]} Rd7 {[%emt 0:00:48]} 22. Kb1 {[%emt 0:00:02]} Red8 {[%emt 0:00:00]} 23. Rd2 {[%emt 0:00:40]} d5 {[%emt 0:00:02]} 24. Bxe5 {[%emt 0:00:03]} dxe4 {[%emt 0:00:11]} 25. Rxd7 {[%emt 0:00:01]} Rxd7 {[%emt 0:00:02]} 26. fxe4 {[%emt 0:00:02]} Qb4 {[%emt 0:00:02]} 27. Bxg7 {[%emt 0:00:09]} 1-0

[Event "RUS-ch Men Blitz 2019"]
[Site "Sochi"]
[Date "2019.10.17"]
[Round "5.17"]
[White "Bocharov, Dmitry"]
[Black "Savitskiy, Sergey"]
[Result "1-0"]
[WhiteElo "2519"]
[BlackElo "2407"]
[Annotator "TA"]
[PlyCount "76"]
[EventDate "2019.10.17"]
[EventType "swiss"]
[EventCountry "RUS"]
[SourceTitle "playchess.com"]
[Source "ChessBase"]
[SourceQuality "1"]

{[%evp 18,76,34,0,5,1,0,0,42,-53,-15,-15,0,0,0,-18,-9,-8,0,0,0,0,0,-94,-81,-118,-118,-134,-135,-118,-36,-133,-98,-158,-104,-98,-94,-74,-105,-120,-89,-91,-81,-106,-114,-145,0,-67,-55,-83,-42,-44,-36,-79,0,-30,0,0,0,-76,0]} 1. c4 Nf6 2. g3 g6 3. Bg2 Bg7 4. Nc3 O-O 5. d4 d6 6. Nf3 Nc6 7. O-O e5 8. dxe5 dxe5 9. Bg5 Be6 10. Qa4 Qe8 {E62: King's Indian: Fianchetto: 6...c6 and Panno Variation (6...Nc6) without ...a6} (10... Qb8 11. Bxf6 Bxf6 12. Nd2 Bg7 13. Rfd1 Rd8 14. Nb3 Nd4 15. Nc5 c6 16. e3 Bg4 17. exd4 exd4 18. N3e4 Bxd1 19. Rxd1 {1-0 (32) Carlsen,M (2835)-Firouzja,A (2607) St Petersburg 2018}) 11. Rfd1 Nd7 $1 12. Nd5 Rc8 {The position is equal.} (12... Nb6 $5 {[%cal Rb6a4]} 13. Qc2 Qc8 $14) 13. Rac1 ({Better is} 13. Be3 $14) 13... h6 $146 ({Predecessor:} 13... e4 14. Nd2 f5 15. Qa3 Nb6 16. Nxb6 axb6 17. Be3 Ra8 18. Qb3 {½-½ (59) Suleymanli,A (2259)-Daghli,A (2326) Baku 2018}) 14. Be3 f5 15. b4 e4 16. Nd4 Nxd4 17. Bxd4 Bxd4 18. Rxd4 c6 $36 {[%mdl 2048] Black has the initiative.} 19. Nf4 Bf7 20. Rcd1 (20. Qxa7 $11 {keeps the balance.} g5 21. Qxb7) 20... Ne5 $17 21. h4 g5 ({Of course not} 21... Nxc4 $6 22. Qxa7 g5 23. Ng6 $11) 22. hxg5 hxg5 23. Nh3 Qe7 (23... Nxc4 $6 24. Qxa7 Bd5 25. Nxg5 $15) (23... g4 $17 24. Nf4 c5 25. Qxe8 Rfxe8 26. bxc5 Rxc5) 24. Qxa7 (24. c5 $15) 24... Ra8 25. Qb6 (25. Qc5 $142 Qxc5 26. bxc5) 25... Ra6 ({But not} 25... Nxc4 26. Qc5 $15) (25... Rxa2 $142 26. Qc5 Qxc5 27. bxc5 Bxc4) 26. Qc5 Qxc5 27. bxc5 g4 28. Nf4 Bxc4 29. Rb1 Rf7 ({Much worse is} 29... Rxa2 $6 30. Rxb7 Bxe2 31. Rd6 $11) 30. Rd8+ Kg7 31. Rb8 Bb5 (31... Rxa2 $17 32. Bf1 Ra5 33. R8xb7 Rxb7 34. Rxb7+ Kf6 35. Nh5+ Kg5) 32. Rb2 (32. Rd1 $11) 32... Rd7 $15 33. Re8 Nc4 34. Rc2 Na3 35. Rb2 Nc4 36. Rc2 Kf7 37. Rh8 Ne5 38. Bf1 {[#]} (38. Kh2 $11) 38... Ra3 {[%mdl 32768] Accuracy: White = 36%, Black = 57%. . Loss on time!?} (38... Rd1 $1 $17) 1-0

[Event "RUS-ch Men Blitz 2019"]
[Site "Sochi"]
[Date "2019.10.17"]
[Round "5.18"]
[White "Yuffa, Daniil"]
[Black "Gochelashvili, David"]
[Result "1/2-1/2"]
[WhiteElo "2577"]
[BlackElo "2403"]
[Annotator "TA"]
[PlyCount "101"]
[EventDate "2019.10.17"]
[EventType "swiss"]
[EventCountry "RUS"]
[SourceTitle "playchess.com"]
[Source "ChessBase"]
[SourceQuality "1"]

{[%evp 19,101,53,33,33,61,37,41,0,5,12,4,4,2,4,13,13,26,18,19,-16,3,0,142,145,145,143,139,182,162,93,96,69,59,16,17,18,22,-8,0,-27,-37,-37,-51,-45,-45,-80,0,0,0,0,0,0,0,0,0,0,0,0,0,0,0,0,0,0,0,-131,0,0,0,0,0,0,0,0,0,0,0,0,0,0,0,0,0,0]} 1. d4 Nf6 2. c4 g6 3. Nc3 Bg7 4. e4 d6 5. Nf3 O-O 6. Be2 e5 7. d5 a5 8. Bg5 Na6 9. Nd2 Qe8 10. O-O h6 11. Be3 {E92: King's Indian: Classical: 6 Be2 e5: 7 dxe5, 7 Be3 and Petrosian System without 7...Nbd7} h5 12. a3 $146 ({Predecessor (2):} 12. f3 Nd7 13. a3 Qe7 14. b4 Bf6 15. Nb3 Bg5 {0-1 (57) Noe,C (2374)-Podzielny,K (2469) Schwaebisch Gmuend 2015}) 12... Ng4 13. Bxg4 {White is slightly better.} hxg4 14. b4 f5 15. Bg5 Bd7 16. Rb1 axb4 17. axb4 Bf6 18. Bxf6 Rxf6 19. c5 f4 20. c6 Bc8 (20... bxc6 $11 {keeps the balance.} 21. dxc6 Be6) 21. cxb7 $16 {[%mdl 64] Overworked Piece} Bxb7 22. Qxg4 Bc8 23. Qg5 Kg7 24. Nf3 ({White should try} 24. h4 $18) 24... Rb8 25. Rfc1 Rf8 26. h4 Rh8 27. g4 Qd7 28. Nh2 $132 {[%mdl 2048] White is not keeping still} Kf7 29. f3 Qe7 30. Nf1 Rxh4 31. Qxe7+ Kxe7 32. Kg2 {[#]} Rxb4 ({Much worse is} 32... Nxb4 33. Na2 $11) (32... Bd7 $1 $17) 33. Rxb4 $11 Nxb4 34. Nb5 Na6 (34... Ba6 {is interesting.} 35. Nxc7 Bd3 36. Rc3 Rh8 37. Ne6 Bb5) 35. Nxc7 Nxc7 36. Rxc7+ {[%mdl 4160] Endgame Double Attack. KRB-KRN} Bd7 $1 37. Ra7 Rh8 38. Nd2 Rc8 {aiming for ...Rc2.} 39. Nb3 Rc2+ 40. Kh3 Rf2 41. Na5 $1 Rxf3+ 42. Kh4 {[#]} (42. Kg2 $11 Rg3+ 43. Kf2) 42... Rg3 (42... Kf6 $1 $17 {( -> ...g5+)} 43. g5+ Ke7 44. Nc6+ Ke8 45. Ra8+ Kf7 46. Nd8+ Kf8 47. Ne6+ {[%mdl 64] Discovered Attack (Double check)} Ke7) 43. Nc6+ {The position is equal.} Ke8 44. Ra8+ Kf7 45. Ra7 Rxg4+ 46. Kh3 Rg3+ (46... Ke8 $5 47. Ra8+ $8 Kf7 $11) 47. Kh2 Ke8 {And now ...Bxc6 would win.} 48. Ra8+ $1 Kf7 {Strongly threatening ...Bxc6.} 49. Ra7 Ke8 {White must now prevent ...Bxc6.} 50. Ra8+ $1 Kf7 {...Bxc6 is the strong threat.} 51. Ra7 {Accuracy: White = 60%, Black = 58%.} 1/2-1/2

[Event "RUS-ch Men Blitz 2019"]
[Site "Sochi"]
[Date "2019.10.17"]
[Round "5.19"]
[White "Yatzenko, Anton"]
[Black "Popov, Valerij"]
[Result "1-0"]
[WhiteElo "2383"]
[BlackElo "2535"]
[Annotator "ChessBase"]
[PlyCount "70"]
[EventDate "2019.10.17"]
[EventType "swiss"]
[EventCountry "RUS"]
[SourceTitle "playchess.com"]
[Source "ChessBase"]
[SourceQuality "1"]
[TimeControl "180+2"]

1. d4 {[%emt 0:00:00]} d5 {[%emt 0:00:00]} 2. Nf3 {[%emt 0:00:00]} Nf6 {[%emt 0:00:01]} 3. Bf4 {[%emt 0:00:01]} e6 {[%emt 0:00:01]} 4. e3 {[%emt 0:00:00]} c5 {[%emt 0:00:01]} 5. Nbd2 {[%emt 0:00:02]} Nc6 {[%emt 0:00:02]} 6. c3 {[%emt 0:00:00]} Bd6 {[%emt 0:00:01]} 7. Bg3 {[%emt 0:00:01]} O-O {[%emt 0:00:01]} 8. Bd3 {[%emt 0:00:09]} b6 {[%emt 0:00:01]} 9. e4 {[%emt 0:00:01]} Be7 {[%emt 0:00:01]} 10. dxc5 {[%emt 0:00:15]} bxc5 {[%emt 0:00:06]} 11. O-O {[%emt 0:00:06]} Qb6 {[%emt 0:00:04]} 12. exd5 {[%emt 0:00:08]} exd5 {[%emt 0:00:01]} 13. Qc2 {[%emt 0:00:14]} c4 {[%emt 0:00:08]} 14. Be2 {[%emt 0:00:03]} g6 {[%emt 0:00:03]} 15. b3 {[%emt 0:00:14]} Bf5 16. Qc1 Qa5 {[%emt 0:00:37]} 17. b4 {[%emt 0:00:04]} Qb6 {[%emt 0:00:04]} 18. a4 {[%emt 0:00:02]} Nh5 {[%emt 0:00:14]} 19. b5 {[%emt 0:00:11]} Nxg3 {[%emt 0:00:09]} 20. hxg3 {[%emt 0:00:01]} Na5 {[%emt 0:00:09]} 21. Nd4 {[%emt 0:00:01]} Be6 {[%emt 0:00:05]} 22. Re1 {[%emt 0:00:24]} Bf6 {[%emt 0:00:03]} 23. N2f3 {[%emt 0:00:24]} Nb3 {[%emt 0:00:08]} 24. Nxb3 {[%emt 0:00:02]} cxb3 {[%emt 0:00:01]} 25. Qb2 {[%emt 0:00:01]} Rfc8 {[%emt 0:00:10]} 26. Nd4 {[%emt 0:00:03]} Qa5 {[%emt 0:00:13]} 27. Rac1 {[%emt 0:00:40]} Bxd4 {[%emt 0:00:05]} 28. cxd4 {[%emt 0:00:02]} Qb4 {[%emt 0:00:01]} 29. Rb1 {[%emt 0:00:11]} Rc3 {[%emt 0:00:03]} 30. Bd1 {[%emt 0:00:10]} Bf5 {[%emt 0:00:01]} 31. Bxb3 {[%emt 0:00:20]} Bxb1 {[%emt 0:00:03]} 32. Rxb1 {[%emt 0:00:01]} Rd8 {[%emt 0:00:09]} 33. Qa2 {[%emt 0:00:05]} Qxd4 {[%emt 0:00:03]} 34. Rd1 {[%emt 0:00:01]} Rd3 {[%emt 0:00:03]} 35. Re1 {[%emt 0:00:03]} Rd2 {[%emt 0:00:01]} 1-0

[Event "RUS-ch Men Blitz 2019"]
[Site "Sochi"]
[Date "2019.10.17"]
[Round "5.20"]
[White "Belozerov, Andrei"]
[Black "Shubin, Kirill"]
[Result "0-1"]
[WhiteElo "2515"]
[BlackElo "2416"]
[Annotator "TA"]
[PlyCount "85"]
[EventDate "2019.10.17"]
[EventType "swiss"]
[EventCountry "RUS"]
[SourceTitle "playchess.com"]
[Source "ChessBase"]
[SourceQuality "1"]

{[%evp 9,85,18,25,16,47,29,36,38,43,-37,30,29,51,48,43,45,68,70,83,53,89,81,77,79,97,0,50,25,27,0,8,8,21,0,0,0,29,0,0,0,17,12,18,0,29,6,22,0,0,0,0,0,6,8,7,0,0,0,14,8,2,4,5,1,7,5,6,5,32,5,5,0,0,-18,-17,-285,-168,-447]} 1. e4 e6 2. d4 d5 3. Nd2 Be7 4. e5 c5 5. c3 Nc6 6. Bd3 {C03: French Tarrasch: Unusual Black 3rd moves} Qb6 (6... Bd7 7. Qg4 Kf8 8. Ne2 h5 9. Qf3 cxd4 10. cxd4 Qb6 11. Nb3 a5 12. Nf4 Ke8 13. Nxh5 a4 14. Nxg7+ {1-0 (46) Mamedov,R (2703)-Lagarde,M (2616) Skopje 2018}) 7. Ndf3 cxd4 8. cxd4 {White is slightly better.} Bb4+ ({Don't go for} 8... Nxd4 $2 9. Nxd4 Bd7 10. Ngf3 $18) 9. Bd2 (9. Kf1 $14) 9... Nge7 (9... Nxd4 $15 10. Nxd4 Qxd4 {[%mdl 64] Double Attack} 11. Qa4+ Bd7 12. Qxb4 Qxd3) 10. Ne2 $11 Bd7 11. O-O Bxd2 12. Qxd2 h6 $146 ({Predecessor:} 12... Nb4 13. Nc3 Nxd3 14. Qxd3 {0-1 (33) Barbot,P (2413)-Nass,E (2233) Nancy 2014}) 13. Rac1 O-O 14. Rc3 f6 15. exf6 Rxf6 16. Bb1 Raf8 17. Re3 (17. Rb3 $16 Qa6 18. Bd3) 17... Nf5 18. Bxf5 Rxf5 19. Ng3 {[#] Threatens to win with Rb3.} R5f6 20. Rfe1 Rf4 {[%cal Rc6d4]} 21. Nh5 R4f5 22. Ng3 Rf4 {[%cal Rc6d4]} 23. Nh5 R4f5 24. Ng3 {Hoping for Rb3.} Rf4 {[%cal Rc6d4]} 25. Ne2 R4f6 26. Nc3 Qc7 27. R1e2 a6 {[%cal Ba7a6,Ba6a5][%mdl 32]} 28. Ne5 Nxe5 29. Rxe5 b5 30. a3 a5 31. Nd1 Qb6 {With the idea ...Rf4.} 32. g3 b4 33. axb4 axb4 34. Ne3 Bb5 35. Qxb4 Qa6 36. Rd2 Bd3 37. Qa3 Qxa3 38. bxa3 Be4 39. a4 Rb8 40. Rd1 Rb2 41. Ng4 Rf8 {[#] And now ...Bf3 would win.} 42. Rxe6 $2 {[%mdl 8192]} (42. Rf1 $11 {and White is okay.}) 42... Bf3 (42... h5 $142 43. Ne3 Rfxf2 44. Re8+ Kh7 45. Rxe4 dxe4) 43. Ree1 $2 {Accuracy: White = 37%, Black = 41%.} (43. Nxh6+ {might work better.} gxh6 44. Rf1) 0-1

[Event "RUS-ch Men Blitz 2019"]
[Site "Sochi"]
[Date "2019.10.20"]
[Round "5.20"]
[White "Oganian, Miran"]
[Black "Dudin, Gleb"]
[Result "1-0"]
[WhiteElo "2436"]
[BlackElo "2314"]
[Annotator "NA"]
[PlyCount "57"]
[EventDate "2019.10.17"]
[EventType "swiss"]
[EventCountry "RUS"]
[SourceTitle "playchess.com"]
[Source "ChessBase"]
[SourceQuality "1"]
[TimeControl "180+2"]

1. d4 {[%emt 0:00:00]} g6 {[%emt 0:00:00]} 2. c4 {[%emt 0:00:01]} Bg7 {[%emt 0:00:00]} 3. Nf3 {[%emt 0:00:01]} d6 {[%emt 0:00:00]} 4. Nc3 {[%emt 0:00:01]} Bg4 {[%emt 0:00:01]} 5. g3 {[%emt 0:00:02]} Bxf3 {[%emt 0:00:02]} 6. exf3 {[%emt 0:00:01]} Nc6 {[%emt 0:00:17]} 7. Be3 {[%emt 0:00:03]} Nh6 {[%emt 0:00:01]} 8. d5 {[%emt 0:00:18]} Ne5 {[%emt 0:00:16]} 9. f4 {[%emt 0:00:03]} Nd7 {[%emt 0:00:20]} 10. Bh3 {[%emt 0:00:01]} O-O {[%emt 0:00:17]} 11. O-O {[%emt 0:00:02]} c6 {[%emt 0:00:05]} 12. Re1 {[%emt 0:00:05]} cxd5 {[%emt 0:00:01]} 13. cxd5 {[%emt 0:00:03]} a6 {[%emt 0:00:42]} 14. Bd4 {[%emt 0:00:10]} Re8 {[%emt 0:01:06]} 15. Bxg7 Kxg7 16. Qd4+ {[%emt 0:00:08]} Kg8 {[%emt 0:00:03]} 17. Rad1 {[%emt 0:00:18]} Rc8 {[%emt 0:00:07]} 18. Re2 {[%emt 0:00:02]} Rc5 {[%emt 0:00:07]} 19. Rde1 {[%emt 0:00:07]} Rc7 20. Ne4 {[%emt 0:00:06]} Nf5 {[%emt 0:00:11]} 21. Bxf5 gxf5 22. Nxd6 Rf8 23. Nxf5 Nf6 24. Nxe7+ {[%emt 0:00:28]} Rxe7 {[%emt 0:00:01]} 25. Rxe7 {[%emt 0:00:08]} Qd6 {[%emt 0:00:01]} 26. Qe5 {[%emt 0:00:10]} Rd8 {[%emt 0:00:06]} 27. Qxd6 {[%emt 0:00:14]} Rxd6 {[%emt 0:00:00]} 28. Rxb7 {[%emt 0:00:02]} Nxd5 {[%emt 0:00:02]} 29. Rd1 {[%emt 0:00:02]} 1-0

[Event "RUS-ch Men Blitz 2019"]
[Site "Sochi"]
[Date "2019.10.17"]
[Round "5.21"]
[White "Gurvich, Vitaly"]
[Black "Lugovskoy, Maxim"]
[Result "0-1"]
[WhiteElo "2278"]
[BlackElo "2436"]
[Annotator "NA RC"]
[PlyCount "108"]
[EventDate "2019.10.17"]
[EventType "swiss"]
[EventCountry "RUS"]
[SourceTitle "playchess.com"]
[Source "ChessBase"]
[SourceQuality "1"]
[TimeControl "180+2"]

1. d4 {[%emt 0:00:00]} d5 {[%emt 0:00:00]} 2. c4 {[%emt 0:00:01]} e6 {[%emt 0:00:00]} 3. Nf3 {[%emt 0:00:01]} a6 {[%emt 0:00:00]} 4. Bg5 {[%emt 0:00:14]} Be7 {[%emt 0:00:01]} 5. Bxe7 {[%emt 0:00:01]} Qxe7 {[%emt 0:00:01]} 6. Nbd2 {[%emt 0:00:01]} Nf6 {[%emt 0:00:01]} 7. e3 {[%emt 0:00:01]} O-O {[%emt 0:00:01]} 8. Bd3 {[%emt 0:00:09]} Nc6 {[%emt 0:00:07]} 9. cxd5 {[%emt 0:00:10]} exd5 {[%emt 0:00:01]} 10. Rc1 {[%emt 0:00:01]} Nb8 {[%emt 0:00:05]} 11. O-O {[%emt 0:00:05]} c6 {[%emt 0:00:01]} 12. Ne5 {[%emt 0:00:01]} Nbd7 {[%emt 0:00:02]} 13. f4 {[%emt 0:00:07]} Re8 {[%emt 0:00:06]} 14. Qf3 {[%emt 0:00:03]} Nf8 {[%emt 0:00:01]} 15. a3 {[%emt 0:00:07]} a5 {[%emt 0:00:05]} 16. h3 {[%emt 0:00:05]} N6d7 {[%emt 0:00:01]} 17. Rce1 {[%emt 0:00:19]} Qd6 {[%emt 0:00:21]} 18. Qh5 {[%emt 0:00:10]} g6 {[%emt 0:00:16]} 19. Qh4 {[%emt 0:00:01]} Qf6 {[%emt 0:00:29]} 20. Qg3 {[%emt 0:00:08]} c5 {[%emt 0:00:18]} 21. f5 {[%emt 0:00:16]} g5 {[%emt 0:00:23]} 22. Ng4 {[%emt 0:00:13]} Qb6 {[%emt 0:00:08]} 23. f6 {[%emt 0:00:00]} Ne6 {[%emt 0:00:26]} 24. Bf5 {[%emt 0:00:15]} Kf8 {[%emt 0:00:03]} 25. Nf3 {[%emt 0:00:25]} h5 {[%emt 0:00:03]} 26. Nh6 {[%emt 0:00:05]} h4 {[%emt 0:00:02]} 27. Nxh4 {[%emt 0:00:07]} Nxf6 {[%emt 0:00:01]} 28. Bxe6 {[%emt 0:00:09]} Rxe6 {[%emt 0:00:04]} 29. Qxg5 {[%emt 0:00:03]} cxd4 {[%emt 0:00:36]} 30. N4f5 {[%emt 0:00:01]} dxe3 {[%emt 0:00:03]} 31. Qg7+ {[%emt 0:00:01]} Ke8 {[%emt 0:00:01]} 32. Qxf7+ Kd8 33. Kh1 {[%emt 0:00:13]} Bd7 {[%emt 0:00:01]} 34. Rxe3 {[%emt 0:00:08]} Ne4 {[%emt 0:00:15]} 35. Ref3 {[%emt 0:00:13]} Kc7 {[%emt 0:00:01]} 36. Ng4 {[%emt 0:00:08]} Rd8 {[%emt 0:00:04]} 37. Qg7 {[%emt 0:00:03]} Kb8 {[%emt 0:00:01]} 38. Qd4 {[%emt 0:00:02]} Ka8 {[%emt 0:00:01]} 39. Qxb6 {[%emt 0:00:06]} Rxb6 {[%emt 0:00:01]} 40. Rd1 {[%emt 0:00:03]} Bxf5 {[%emt 0:00:01]} 41. Ne3 {[%emt 0:00:02]} Be6 {[%emt 0:00:01]} 42. b4 {[%emt 0:00:02]} axb4 {[%emt 0:00:02]} 43. axb4 {[%emt 0:00:01]} Rxb4 44. Nc2 {[%emt 0:00:01]} Rb2 {[%emt 0:00:02]} 45. Nd4 {[%emt 0:00:01]} Bd7 {[%emt 0:00:02]} 46. Ra1+ {[%emt 0:00:02]} Kb8 {[%emt 0:00:00]} 47. Rfa3 {[%emt 0:00:02]} Kc7 {[%emt 0:00:07]} 48. Rc1+ {[%emt 0:00:03]} Kd6 {[%emt 0:00:01]} 49. Nf3 {[%emt 0:00:05]} Rg8 {[%emt 0:00:03]} 50. Ne1 {[%emt 0:00:00]} Nf2+ {[%emt 0:00:02]} 51. Kh2 {[%emt 0:00:01]} Nxh3 {[%emt 0:00:03]} 52. Rf3 {[%emt 0:00:04]} Ng5 {[%emt 0:00:03]} 53. Rf6+ {[%emt 0:00:01]} Be6 {[%emt 0:00:01]} 54. Rc3 {[%emt 0:00:03]} Ne4 {[%emt 0:00:01]} 0-1